00258nam a2200097Ia 4500008004100000100003400041245002000075260004900095300000800144650000800152191201s2013 xx 000 0 und d aHARVARD BUSINESS REVIEW,PRESS 0aDecision Making aDonatedbHarvard Business Review Pressc2013 a167 aMBA